Changes and disturbance in tropical rainforest in South-East Asia

Sparad:
Bibliografiska uppgifter
Materialtyp: Bok
Språk:Vietnamese
Publicerad: Imperial College Press 1999
Taggar: Lägg till en tagg
Inga taggar, Lägg till första taggen!
Thư viện lưu trữ: Mạng thư viện Đại học Đà Nẵng
LEADER 00708nam a2200241 4500
001 000020901
003 17348
005 20150330100352.0
008 150330s1999 viesd
020 |c 00 
041 0 |a vie 
082 1 4 |a 577,340959  |b Ch-D 
245 1 0 |a Changes and disturbance in tropical rainforest in South-East Asia  |c a discussion meeting organized and edited by D.M. Newbery, T.H. Clutton-Brock and G.T. Prance. 
260 |b Imperial College Press  |c 1999 
300 |a tr.  |c cm. 
OWN |a LSP 
999 |a From the UDN01 
TYP |a Monograph 
TYP |a Printed language 
980 |a Mạng thư viện Đại học Đà Nẵng